निराला रचनावली (Record no. 1467110)

MARC details
000 -LEADER
fixed length control field 01618nam a22002417a 4500
005 - DATE AND TIME OF LATEST TRANSACTION
control field 20260203164154.0
008 - FIXED-LENGTH DATA ELEMENTS--GENERAL INFORMATION
fixed length control field 260107b |||||||| |||| 00| 0 eng d
020 ## - INTERNATIONAL STANDARD BOOK NUMBER
International Standard Book Number 9788126712762 (hbk) सम्पूर्ण सेट
037 ## - SOURCE OF ACQUISITION
Terms of availability REF
040 ## - CATALOGING SOURCE
Original cataloging agency CRL
Transcribing agency CRL
041 ## - LANGUAGE CODE
Source of code hin
Language code of text/sound track or separate title hin
084 ## - COLON CLASSIFICATION NUMBER
Classification number O152,1M96x M3;R2.1-.8 (RR)
Assigning agency CRL
245 ## - TITLE STATEMENT
Title निराला रचनावली
250 ## - EDITION STATEMENT
Edition statement संस्करण 7
260 ## - PUBLICATION, DISTRIBUTION, ETC.
Place of publication, distribution, etc. नयी दिल्ली, भारत:
Name of publisher, distributor, etc. राजकमल प्रकाशन,
Date of publication, distribution, etc. 2022.
300 ## - PHYSICAL DESCRIPTION
Extent खण्ड 1 (1-511पृ.), खण्ड 2 (1-543पृ.), खण्ड 3 (1-463पृ.), खण्ड 4 (1-479पृ.), खण्ड 5 (1-598पृ.), खण्ड 6 (1-655पृ.), खण्ड 7 (1-319 पृ.), खण्ड 8 (1-357पृ.),
365 ## - TRADE PRICE
Price amount 12995.00
Currency code INR
650 ## - SUBJECT ADDED ENTRY--TOPICAL TERM
Topical term or geographic name entry element हिन्दी कविता
9 (RLIN) 862556
650 ## - SUBJECT ADDED ENTRY--TOPICAL TERM
Topical term or geographic name entry element हिन्दी साहित्य
9 (RLIN) 862557
700 ## - ADDED ENTRY--PERSONAL NAME
Personal name नवल, नन्दकिशोर
Relator term सम्पादक
9 (RLIN) 862558
942 ## - ADDED ENTRY ELEMENTS (KOHA)
Source of classification or shelving scheme Colon Classification (CC)
Koha item type Textbook
Edition संस्करण 7
Classification part O152,1M96x M3;R2.1-.8 (RR)
Suppress in OPAC No
Holdings
Withdrawn status Lost status Source of classification or shelving scheme Damaged status Not for loan Home library Current library Date acquired Source of acquisition Cost, normal purchase price Serial Enumeration / chronology Inventory number Total Checkouts Full call number Barcode Date due Date last seen Date last checked out Price effective from Koha item type
    Colon Classification (CC)     Central Library Arts Library 2026-01-07 आई . ओ . ई प्रोजेक्ट बुक्स 12995.00 खण्ड 1 - कविता आई . ओ . ई प्रोजेक्ट बुक्स 1 O152,1M96x M3;R2.1 CL1925182 2026-02-04 2026-02-04 2026-02-04 2026-01-07 Textbook
    Colon Classification (CC)     Central Library Arts Library 2026-01-07 आई . ओ . ई प्रोजेक्ट बुक्स 12995.00 खण्ड 2 - कविता आई . ओ . ई प्रोजेक्ट बुक्स 1 O152,1M96x M3;R2.2 CL1925183 2026-02-04 2026-02-04 2026-02-04 2026-01-07 Textbook
    Colon Classification (CC)     Central Library Arts Library 2026-01-07 आई . ओ . ई प्रोजेक्ट बुक्स 12995.00 खण्ड 3 - उपन्यास आई . ओ . ई प्रोजेक्ट बुक्स 1 O152,1M96x M3;R2.3 CL1925184 2026-02-04 2026-02-04 2026-02-04 2026-01-07 Textbook
    Colon Classification (CC)     Central Library Arts Library 2026-01-07 आई . ओ . ई प्रोजेक्ट बुक्स 12995.00 खण्ड 4 - उपन्यास तथा कहानियाँ आई . ओ . ई प्रोजेक्ट बुक्स 1 O152,1M96x M3;R2.4 CL1925185 2026-02-04 2026-02-04 2026-02-04 2026-01-07 Textbook
    Colon Classification (CC)     Central Library Arts Library 2026-01-07 आई . ओ . ई प्रोजेक्ट बुक्स 12995.00 खण्ड 5 - आलोचना आई . ओ . ई प्रोजेक्ट बुक्स 1 O152,1M96x M3;R2.5 CL1925186 2026-02-04 2026-02-04 2026-02-04 2026-01-07 Textbook
    Colon Classification (CC)     Central Library Arts Library 2026-01-07 आई . ओ . ई प्रोजेक्ट बुक्स 12995.00 खण्ड 6 - विविध विषय आई . ओ . ई प्रोजेक्ट बुक्स 1 O152,1M96x M3;R2.6 CL1925187 2026-02-04 2026-02-04 2026-02-04 2026-01-07 Textbook
    Colon Classification (CC)     Central Library Arts Library 2026-01-07 आई . ओ . ई प्रोजेक्ट बुक्स 12995.00 खण्ड 7 - बालोपयोगी साहित्य आई . ओ . ई प्रोजेक्ट बुक्स 1 O152,1M96x M3;R2.7 CL1925188 2026-02-04 2026-02-04 2026-02-04 2026-01-07 Textbook
    Colon Classification (CC)     Central Library Arts Library 2026-01-07 आई . ओ . ई प्रोजेक्ट बुक्स 12995.00 खण्ड 8 - पुराकथा एवं पत्र आई . ओ . ई प्रोजेक्ट बुक्स 1 O152,1M96x M3;R2.8 CL1925189 2026-02-04 2026-02-04 2026-02-04 2026-01-07 Textbook
Copyright @ Delhi University Library System